000
00321cam a2200133 a 4500
999
_c
12607
_d
12607
003
OSt
005
20240418132534.0
008
851001s1986 nyu 000 1 eng
020
_a
9798498376707
082
0
0
_a
813.54
_2
19
_b
SOH
100
1
_a
Sohoni, Vijay
245
1
0
_a
Left, right, and centre /
_c
Vijay Sohoni
942
_2
ddc